000 00567nam a2200181Ia 4500
008 090124s9999 xx 000 0 und d
082 _b3744
100 _aकाणेकर अनंत
245 _a पतंगाची दोरी
250 _a0
260 _bललित साहित्.य प्रकाशन
_c1951
300 _a88
600 _aकाणेकर अनंत
630 _a पतंगाची दोरी
700 _aकाणेकर अनंत
730 _a पतंगाची दोरी
942 _cBOOK
999 _c83384
_d83384